| 000 | 00558nam a2200181 4500 | ||
|---|---|---|---|
| 001 | 136594 | ||
| 003 | ES-MaACL | ||
| 005 | 20230906195157.0 | ||
| 007 | t| | ||
| 008 | 070214s1979 sp r ||||1| spa d | ||
| 245 | 0 | 0 |
_aArteriopatías cerebrales / _cdirigida por R. W. Ross Russell ; versión española de J. M. Grau Veciana. |
| 250 | _a1ª ed. | ||
| 260 |
_aBarcelona : _bToray, _c1979. |
||
| 300 |
_aVIII, 369 p. ; _c26 cm. |
||
| 700 | 1 |
_aGrau Veciana, J. M. _959760 |
|
| 700 | 1 |
_aRussell, R. W. Ross. _9101048 |
|
| 852 |
_aES-MaACL _jC-21809 _bR.100642 |
||
| 999 |
_c136594 _d136594 |
||